Rozmowy z ludźmi teatru : inscenizatorzy /

Main Author: Hausbrandt, Andrzej, 1923-2004
Language: Polish
Published: Kraków : Wydawnictwo Literackie, 1973
Edition: 1. wyd.
Physical Description: 261 s.
Book
Saved in:
LEADER 00677nam a22002052a 4500
001 000920293
003 CZ BrMZK
005 20150310121901.0
007 ta
008 081106s1973 pl er|||||||||||pol d
040 |a BOA001  |b cze 
100 1 |a Hausbrandt, Andrzej,  |d 1923-2004  |7 js2012705767  |4 aut 
245 1 0 |a Rozmowy z ludźmi teatru :  |b inscenizatorzy /  |c Andrzej Hausbrandt ; noty biograficzne oprac. Bożena Frankowska 
250 |a 1. wyd. 
260 |a Kraków :  |b Wydawnictwo Literackie,  |c 1973 
300 |a 261 s. 
910 |a BOA001  |b 1-0720.843 
990 |a BK 
991 |b 200811 
996 7 |b 2619496095  |c 1-0720.843  |l MZK  |r Sklad / do 1 hodiny  |n 0  |w 000920293  |u 000010  |a 1  |e BOA001  |j MZK50  |s A